INTERNATIONAL DIMENSIONS OF INFORMATION SYSTEMS AND TECHNOLOGY / (Record no. 616535)

000 -LEADER
fixed length control field 00380nam a22001337a 4500
020 ## - INTERNATIONAL STANDARD BOOK NUMBER
Qualifying information PB.
040 ## - CATALOGING SOURCE
Transcribing agency FIZZA ISHAQ
082 ## - DEWEY DECIMAL CLASSIFICATION NUMBER
Classification number 658.4038
Author Mark CAN
100 ## - MAIN ENTRY--PERSONAL NAME
Personal name DEANS,CANDACE P.
9 (RLIN) 133589
245 ## - TITLE STATEMENT
Title INTERNATIONAL DIMENSIONS OF INFORMATION SYSTEMS AND TECHNOLOGY /
Statement of responsibility, etc. P.CANDACE DEANS.
260 ## - PUBLICATION, DISTRIBUTION, ETC.
Place of publication, distribution, etc. NEW YORK ;
Name of publisher, distributor, etc. PWS-KENT,
Date of publication, distribution, etc. 1992.
300 ## - PHYSICAL DESCRIPTION
Extent 196 P. ;
Dimensions 7.3X5.5IN
942 ## - ADDED ENTRY ELEMENTS (KOHA)
Source of classification or shelving scheme
Koha item type Book
Holdings
Withdrawn status Lost status Source of classification or shelving scheme Damaged status Not for loan Permanent Location Current Location Shelving location Date acquired Total Checkouts Full call number Barcode Date last seen Price effective from Koha item type
          NUST Baluchistan Campus (NBC) NUST Baluchistan Campus (NBC) Text Books 03/06/2026   658.4038 CAN QD-372 03/06/2026 03/06/2026 Book
© 2023 Central Library, National University of Sciences and Technology. All Rights Reserved.